书目信息 |
| 题名: |
戊戌变法文献资料系日
|
|
| 作者: | 清华大学历史系 编 | |
| 分册: | ||
| 出版信息: | 上海 上海书店出版社 1998.08 |
|
| 页数: | 1440页 | |
| 开本: | 32开 | |
| 丛书名: | ||
| 单 册: | ||
| 中图分类: | K256.506 | |
| 科图分类: | ||
| 主题词: | 中国--历史--1840~1949 | |
| 电子资源: | ||
| ISBN: | 7-80622-547-1 | |
| 000 | 00613nam0 2200193 45 | |
| 001 | 0106211005 | |
| 005 | 20031219104050.6 | |
| 010 | @a7-80622-547-1@b精装@dCNY195.00 | |
| 100 | @a20010621d1998 km y0chiy0120 ea | |
| 101 | 0 | @achi |
| 105 | @a z 000yy | |
| 200 | 1 | @a戊戌变法文献资料系日@AWu Xu Bian Fa Wen Xian Zi Liao Xi Ri@f清华大学历史系编@FQing Hua Da Xue Li Shi Xi Bian |
| 210 | @a上海@c上海书店出版社@d1998.08 | |
| 215 | @a1440页@d32开 | |
| 606 | 0 | @a中国@x历史@z1840~1949 |
| 690 | @aK256.506@v3 | |
| 701 | @a清华大学历史系@4编 | |
| 801 | @aCN@bTSTC@c20010621 | |
| 905 | @f1@b298658@dK256.506@e27 | |
| 戊戌变法文献资料系日/清华大学历史系编.-上海:上海书店出版社,1998.08 |
| 1440页;32开 |
| ISBN 7-80622-547-1(精装):CNY195.00 |
| ● |
| 相关链接 |
|
|
|
|
正题名:戊戌变法文献资料系日
索取号:K256.506/27
 
预约/预借
| 序号 | 登录号 | 条形码 | 馆藏地/架位号 | 状态 | 备注 |
| 1 | 0298658 | 202986581 | 第二样本阅览室/ [索取号:K256.506/27] | 在馆 |